Besten deutschsprachigen Universitäten - Statistiken

Allgemein
  • Dieses Quiz wurde 231 mal gespielt
  • Das Durchschnittsergebnis liegt bei 19 aus 31
Antwortstatistiken
Weltrang Universität % Korrekt
38 LMU München
98%
26 TUM München
98%
93 Charité Universitätsmedizin Berlin
94%
104 Freie Universität Berlin
94%
84 Humboldt Universität Berlin
94%
140 Technische Universität Berlin
93%
132 Universität Hamburg
91%
157 Universität Köln
87%
47 Universität Heidelberg
85%
160 TU Dresden
78%
201-250 Universität Frankfurt
78%
201-250 Universität Erlangen-Nürnberg
69%
92 RWTH Aachen
67%
128 Universität Freiburg
67%
89 Universität Bonn
60%
199 Universität Mannheim
57%
188 Universität Münster
57%
166 KIT Karlsruhe
53%
201-250 Universität Potsdam
46%
121 Universität Göttingen
45%
199 Universität Ulm
45%
201-250 Medizinische Universität Wien
42%
100 Universität Tübingen
42%
110 Universität Wien
42%
201-250 Universität Jena
41%
11 ETH Zürich
40%
104 Universität Bern
36%
163 Universität Würzburg
29%
126 Universität Basel
27%
201-250 Medizinische Universität Graz
24%
201-250 Universität Luxemburg
7%
Keine übereinstimmenden Quizze gefunden
Verteilung der Resultate
Anzahl Personen mit jedem Resultat
Perzentil nach korrekt beantworteten Fragen
Ihre Resultats-Entwicklung
Sie haben dieses Quiz noch nicht gespielt